000 00787nam a22001937a 4500
005 20251108175816.0
008 250721s2011 xx 000 0 ara d
082 1 4 _a346.0700285/مطا
100 1 _aالمطالقة، محمد فواز
245 1 0 _aالوجيز في عقود التجارة الالكترونية ( أركانها - إثباتها - حمايتها ( التشفير ) التوقيع الالكتروني - القانون الواجب التطبيق ) دراسة مقارنة /
250 _aط3.
264 1 _aعمان :
_bدار الثقافة للنشر و التوزيع،
_c2011.
300 _a352ص.
650 1 7 _aالتجارة الالكترونية
650 1 7 _aالعقود
650 1 7 _aالالتزامات
942 _2ddc
_cBK
999 _c142927
_d142927